[Event "45th Olympiad 2024"]
[Site "Budapest HUN"]
[Date "2024.09.16"]
[Round "6.10"]
[Board "1"]
[White "Mchedlishvili, Mikheil"]
[Black "Shirov, Alexei"]
[Result "1-0"]
[WhiteElo "2574"]
[BlackElo "2666"]
[PlyCount "49"]
[EventDate "2024.09.11"]
[WhiteTeam "Georgia"]
[BlackTeam "Spain"]
[WhiteTeamCountry "GEO"]
[BlackTeamCountry "ESP"]

1. Nf3 d5 2. c4 e6 3. g3 Nf6 4. Bg2 Be7 5. O-O O-O 6. b3 d4 7. e3 c5 8. Ne5 Ne8 ({RR} 8... Qc7 9. f4 Nfd7 10. Nf3 Nc6 11. Na3 a6 12. exd4 cxd4 13. d3 b5 14. Bb2 Qb6 15. Kh1 Bb7 16. Nc2 Bf6 17. Ba3 b4 18. Bb2 a5 19. g4 g6 20. Nd2 Nc5 21. Ne4 Nxe4 22. dxe4 e5 23. f5 {½-½ Ding,L (2809)-Giri,A (2797) Shenzhen Du Te Cup 3rd 2019 (3)}) ({RR} 8... Qc7 9. f4 Nbd7 10. Nd3 e5 11. g4 exf4 12. g5 Ne8 13. exd4 Bxg5 14. Nc3 Nef6 15. Qf3 cxd4 16. Nb5 Qa5 17. Ba3 a6 18. Bxf8 Nxf8 19. Nd6 Qxd2 20. Rae1 h5 21. Nxc8 Rxc8 22. Re2 Qc3 23. Rc1 {1-0 Oparin,G (2671)-Hakobyan,A (2619) College Final Four 2024 (3.1)}) 9. f4 Nd7 $146 ({RR} 9... f6 10. Nd3 Nc7 11. Ba3 Nba6 12. Bb2 Rb8 13. Na3 b5 14. Nxb5 Nxb5 15. cxb5 Rxb5 16. Qc2 dxe3 17. dxe3 Nb4 18. Nxb4 cxb4 19. Bd4 Bb7 20. Qc4 Qd7 21. Bxb7 Rxb7 22. Rac1 Rd8 23. Qa6 Kf7 24. Rc4 {1-0 Prithu,G (2478)-Le Goff,R (2186) Reykjavik op 2019 (7)}) 10. Bb2 Nxe5 11. fxe5 f5 12. exd4 cxd4 13. d3 Rf7 14. Na3 Bf8 15. Nc2 Rd7 16. b4 a5 17. a3 g5 18. Qd2 Bg7 19. Qf2 Bxe5 20. Qe2 Bf6 21. Qxe6+ Rf7 22. Qd5 Bd7 23. Qxb7 Rb8 24. Qd5 Ba4 25. Rac1 1-0

[Event "45th Olympiad 2024"]
[Site "Budapest HUN"]
[Date "2024.09.16"]
[Round "6.10"]
[Board "2"]
[White "Anton Guijarro, David"]
[Black "Kacharava, Nikolozi"]
[Result "1/2-1/2"]
[WhiteElo "2665"]
[BlackElo "2511"]
[PlyCount "73"]
[EventDate "2024.09.11"]
[WhiteTeam "Spain"]
[BlackTeam "Georgia"]
[WhiteTeamCountry "ESP"]
[BlackTeamCountry "GEO"]

1. e4 e5 2. Nf3 Nc6 3. Bb5 a6 4. Ba4 Nf6 5. O-O b5 6. Bb3 Bc5 7. a4 Rb8 8. c3 d6 9. d4 Bb6 10. a5 Ba7 11. h3 Bb7 12. Be3 Nxe4 13. Re1 Ne7 14. Nbd2 Nxd2 15. Bxd2 O-O 16. dxe5 dxe5 17. Nxe5 Ng6 18. Be3 Nxe5 19. Qxd8 Rbxd8 20. Bxa7 Nd3 21. Re7 Bd5 22. Bxd5 Rxd5 23. Rxc7 Nxb2 24. Bb6 Re8 $146 ({RR} 24... Ra8 25. Re1 Rd1 26. Rxd1 Nxd1 27. Kf1 Re8 28. Ra7 Nxc3 29. Rxa6 Na4 30. Bd4 Rd8 31. Ke2 h6 32. Ke3 b4 33. Ra7 b3 34. Rb7 Ra8 35. Rxb3 Rxa5 36. Ra3 Ra6 37. Kd3 Ra8 38. Rb3 Ra5 39. Kc4 {1-0 Heimann,M (2441)-Tang,D (2286) 1000GM May GpA 2024 (5.1)}) ({RR} 24... Nc4 25. Ra7 h5 26. Rxa6 Rd6 27. Rb1 h4 28. Kh2 Nd2 29. Re1 Nc4 30. Re4 Nxa5 31. Rxa5 Rxb6 32. Rxh4 Rc8 33. Rh5 g6 34. Rhxb5 Rxb5 35. Rxb5 Rxc3 36. h4 Rc2 37. Kg3 Rc3+ 38. f3 Kg7 39. Rb7 {½-½ Garifullina,L (2431)-Harsh,S (2417) 7th Sharjah Challengers 2024 (7.3)}) 25. Ra7 Nc4 26. Rxa6 Rd6 27. Kh2 h5 28. Rb1 Nxa5 29. Rxa5 Rxb6 30. Rbxb5 Rxb5 31. Rxb5 Rc8 32. Rb3 h4 33. g3 hxg3+ 34. fxg3 g5 35. Rb5 f6 36. Rf5 Rxc3 37. Rxf6 1/2-1/2

[Event "45th Olympiad 2024"]
[Site "Budapest HUN"]
[Date "2024.09.16"]
[Round "6.10"]
[Board "3"]
[White "Jobava, Baadur"]
[Black "Pichot, Alan"]
[Result "1/2-1/2"]
[WhiteElo "2582"]
[BlackElo "2628"]
[PlyCount "113"]
[EventDate "2024.09.11"]
[WhiteTeam "Georgia"]
[BlackTeam "Spain"]
[WhiteTeamCountry "GEO"]
[BlackTeamCountry "ESP"]

1. d4 Nf6 2. c4 e6 3. Nc3 Bb4 4. Qc2 d6 5. e3 O-O 6. Bd3 c5 7. Nge2 Nc6 8. O-O d5 $146 ({RR} 8... Bxc3 9. Qxc3 e5 10. d5 Nb4 11. Bb1 b5 12. a3 a5 13. b3 Na6 14. Bb2 a4 15. cxb5 Nc7 16. bxa4 Ncxd5 17. Qc2 Nb6 18. Rd1 Qe7 19. Nc3 d5 20. Nxd5 Nbxd5 21. Rxd5 Rd8 22. Rxd8+ Qxd8 23. h3 {1-0 Bok,B (2607)-Indjic,A (2636) PRO League Prelim 2023 (5.4)}) ({RR} 8... cxd4 9. exd4 Bxc3 10. Qxc3 d5 11. c5 Ne4 12. Qe1 b6 13. f3 Nf6 14. b4 bxc5 15. dxc5 Ne5 16. Bc2 Ba6 17. a4 Nd3 18. Bxd3 Bxd3 19. Qd2 Bc4 20. Ba3 Qc7 21. Rfb1 Nd7 22. Nd4 Rfb8 23. c6 {1-0 Bok,B (2624)-So,W (2778) Chess.com Rapid Wk4 Swiss 2022 (4)}) ({RR} 8... Bxc3 9. Qxc3 e5 10. d5 Ne7 11. Ng3 Ng6 12. b3 h5 13. f4 h4 14. Ne4 Nxe4 15. Bxe4 f5 16. Bc2 Bd7 17. Bb2 Qe7 18. Rae1 Rae8 19. Qd2 b5 20. Qd1 bxc4 21. bxc4 Qf7 22. Qh5 exf4 23. exf4 {0-1 Bok,B (2620)-Niemann,H (2675) Titled Tue 30th Jan Late 2024 (7)}) ({RR} 8... Bxc3 9. Qxc3 e5 10. d5 Ne7 11. e4 Nh5 12. b4 cxb4 13. Qxb4 Ng6 14. a4 a5 15. Qb2 Nhf4 16. Nxf4 exf4 17. Ra3 f3 18. gxf3 Bh3 19. Re1 Qh4 20. Kh1 Rae8 21. Rg1 Re5 22. Qb6 Rh5 23. Qxd6 {0-1 Mohammad,N (2439)-Narayanan,S (2673) Bangabandhu Premier 2022 (9.4)}) 9. cxd5 exd5 10. dxc5 Bxc5 11. Nb5 Bb6 12. Bd2 Bg4 13. Bc3 Rc8 14. Bf5 Nb4 15. Qa4 Bxf5 16. Bxb4 Bd3 17. Rfe1 Qd7 18. Nbc3 Rfd8 19. Qxd7 Rxd7 20. Na4 Bxe2 21. Nxb6 axb6 22. Rxe2 d4 23. exd4 Nd5 24. Bd2 f6 25. Kf1 Rc4 26. Be3 Kf7 27. Rd1 b5 28. a3 b4 29. Rd3 b5 30. axb4 Nxb4 31. Rb3 Rd5 32. Rc3 Rd7 33. Ke1 Rxc3 34. bxc3 Nd5 35. Rc2 Rc7 36. Kd2 b4 37. cxb4 Rxc2+ 38. Kxc2 Nxb4+ 39. Kc3 Nd5+ 40. Kc4 Ke6 41. Kc5 h5 42. h4 Ne7 43. Bd2 Nd5 44. g3 g6 45. Bc1 Ne7 46. Be3 Nd5 47. Kc6 Ne7+ 48. Kc7 Kd5 49. Kd7 Nf5 50. Ke8 g5 51. hxg5 fxg5 52. Bxg5 Nxd4 53. Kf7 Ke4 54. Kg6 Kf3 55. Be3 Ne2 56. Kxh5 Nxg3+ 57. fxg3 1/2-1/2

[Event "45th Olympiad 2024"]
[Site "Budapest HUN"]
[Date "2024.09.16"]
[Round "6.10"]
[Board "4"]
[White "Santos Latasa, Jaime"]
[Black "Pantsulaia, Levan"]
[Result "1/2-1/2"]
[WhiteElo "2624"]
[BlackElo "2516"]
[PlyCount "93"]
[EventDate "2024.09.11"]
[WhiteTeam "Spain"]
[BlackTeam "Georgia"]
[WhiteTeamCountry "ESP"]
[BlackTeamCountry "GEO"]

1. d4 Nf6 2. c4 c5 3. d5 g6 4. Nc3 Bg7 5. e4 d6 6. h3 O-O 7. Nf3 e6 8. Be2 exd5 9. exd5 Bf5 10. g4 Be4 11. O-O Bxf3 12. Bxf3 Nbd7 13. a4 $146 ({RR} 13. Bf4 Ne8 14. Qd2 f5 15. gxf5 Rxf5 16. Bg4 Rf8 17. Rae1 Ne5 18. Bxe5 Bxe5 19. Ne4 Ng7 20. Kg2 Rf4 21. Nxc5 Qh4 22. Rxe5 Rxg4+ 23. hxg4 Qxg4+ 24. Kh2 dxe5 25. d6 b6 26. Qd5+ Kf8 27. Qxa8+ Ne8 {1-0 Amburgy,R (2242)-Sindarov,J (2668) Titled Tue 18th Jun Late 2024 (6)}) ({RR} 13. Bf4 Ne8 14. Be2 a6 15. Re1 Bd4 16. Bf1 Rb8 17. Bg3 Be5 18. f4 Bg7 19. Qc2 Nc7 20. a4 Nf6 21. Bf2 Qd7 22. Qd3 Rfe8 23. Qf3 Rxe1 24. Rxe1 Re8 25. b3 Qd8 26. g5 Rxe1 27. Bxe1 Nh5 {1-0 Radosevic,N (2166)-Velickovic,S (2352) Belgrade-chT 2016 (4.1)}) ({RR} 13. Bf4 Ne8 14. Qd2 Ne5 15. Be2 f5 16. Bg3 g5 17. gxf5 Rxf5 18. Kg2 Ng6 19. Bg4 Nf4+ 20. Kh1 Rf8 21. Rae1 Be5 22. Ne4 b6 23. h4 gxh4 24. Bh2 Ng7 25. Rg1 Kh8 26. Re3 Qe7 27. Rge1 {½-½ Karthik,R (2388)-Ojas,K (2254) 30th Abu Dhabi Masters 2024 (6.99)}) 13... Nb6 14. Be2 Re8 15. Qc2 Qe7 16. Bd3 Nbd7 17. f4 Nxg4 18. hxg4 Qh4 19. Qh2 Qxg4+ 20. Qg2 Qh4 21. Qf3 f5 22. Bd2 Nf6 23. Kg2 Ng4 24. Rh1 Qd8 25. Rae1 Qb6 26. Nb5 Rxe1 27. Rxe1 a6 28. a5 Qd8 29. Na3 Bxb2 30. Nc2 Bg7 31. Ne3 Nf6 32. Nxf5 gxf5 33. Bxf5 b5 34. axb6 Qxb6 35. Bc3 Kh8 36. Re7 Rg8 37. Kh3 Qb3 38. Qd3 Rb8 39. Rf7 Nh5 40. Rf8+ Rxf8 41. Bxg7+ Kxg7 42. Qxb3 Rxf5 43. Qb2+ Kh6 44. Qb8 Nxf4+ 45. Kg4 Rf6 46. Qd8 Nh5 47. Qc7 1/2-1/2

[Event "45th Olympiad 2024"]
[Site "Budapest HUN"]
[Date "2024.09.16"]
[Round "6.11"]
[Board "1"]
[White "Stefansson, Vignir Vatnar"]
[Black "Vachier-Lagrave, Maxime"]
[Result "1/2-1/2"]
[WhiteElo "2531"]
[BlackElo "2731"]
[PlyCount "61"]
[EventDate "2024.09.11"]
[WhiteTeam "Iceland"]
[BlackTeam "France"]
[WhiteTeamCountry "ISL"]
[BlackTeamCountry "FRA"]

1. Nf3 Nf6 2. c4 b6 3. g3 c5 4. Bg2 Bb7 5. O-O g6 6. b3 Bg7 7. Bb2 O-O 8. Nc3 d5 9. Nxd5 Nxd5 10. Bxg7 Kxg7 11. cxd5 Qxd5 12. d4 cxd4 13. Qxd4+ Qxd4 14. Nxd4 Bxg2 15. Kxg2 a5 ({RR} 15... Nd7 16. Rac1 Rac8 17. Nc6 Nc5 18. Nxa7 Ra8 19. b4 Rxa7 20. bxc5 bxc5 21. Rxc5 Rxa2 22. Re5 {½-½ Amundsen,A (2069)-Gasland,L (1985) Fagernes GM Open 2024 (7.44)}) 16. Rac1 ({RR} 16. Rfd1 Rc8 17. Rac1 Na6 18. Nb5 a4 19. bxa4 Rxc1 20. Rxc1 Nc5 21. Nc3 Nxa4 22. Nxa4 Rxa4 23. Rc2 Kf6 24. Rc6+ Kg7 25. Rxb6 Rxa2 26. Kf1 Ra1+ 27. Kg2 Ra2 28. Kf1 Ra1+ 29. Kg2 {½-½ So,W (2754)-Vachier Lagrave,M (2779) Croatia GCT Zagreb 2019 (2)}) 16... Na6 17. Nc6 Rfc8 $146 ({RR} 17... Nb4 18. Nxb4 axb4 19. Rc2 {½-½ Dragun,K (2555)-Beradze,I (2479) Charlotte CCCSA Labor Day GM-A 2021 (4)}) 18. Nxe7 Rxc1 19. Rxc1 Re8 20. Nd5 Rxe2 21. Nxb6 Rxa2 22. Nd5 Rd2 23. Rc6 Rxd5 24. Rxa6 Rb5 25. h4 h5 26. Kf1 Rxb3 27. Rxa5 Rb1+ 28. Kg2 Rb3 29. Kg1 Rb1+ 30. Kg2 Rb3 31. Ra2 1/2-1/2

[Event "45th Olympiad 2024"]
[Site "Budapest HUN"]
[Date "2024.09.16"]
[Round "6.11"]
[Board "2"]
[White "Bacrot, Etienne"]
[Black "Kjartansson, Gudmundur"]
[Result "1-0"]
[WhiteElo "2665"]
[BlackElo "2478"]
[PlyCount "133"]
[EventDate "2024.09.11"]
[WhiteTeam "France"]
[BlackTeam "Iceland"]
[WhiteTeamCountry "FRA"]
[BlackTeamCountry "ISL"]

1. e4 e5 2. Nf3 Nc6 3. Bb5 Nf6 4. O-O Nxe4 5. d4 Nd6 6. Bxc6 dxc6 7. dxe5 Nf5 8. Qxd8+ Kxd8 9. Nc3 Ke8 10. h3 h5 11. Ne2 b6 12. Bg5 Bb7 13. Rad1 c5 14. Nc3 Be7 15. Nd5 Bxd5 16. Rxd5 Rd8 17. Rxd8+ Bxd8 18. Bxd8 $146 ({RR} 18. Rd1 Bxg5 19. Nxg5 Ke7 20. c3 Nh4 21. g3 Ng6 22. f4 h4 23. Kf2 hxg3+ 24. Kxg3 Nh4 25. Kg4 Ng2 26. Kf3 Nh4+ 27. Kg4 Ng2 28. Rg1 Ne3+ 29. Kf3 Nf5 30. Ke4 Nh4 31. f5 f6 32. exf6+ Kxf6 {½-½ Vachier Lagrave,M (2798)-Kramnik,V (2812) Dortmund 44th 2016 (2)}) 18... Kxd8 19. Rd1+ Ke7 20. g3 Rg8 21. h4 a5 22. c3 Nh6 23. Ng5 Ng4 24. e6 fxe6 25. Re1 Kd7 26. Rxe6 Rf8 27. Re2 Rf5 28. Kg2 Ne5 29. Rd2+ Ke7 30. Nh3 Nc4 31. Rc2 Re5 32. Nf4 Kf7 33. b3 Nd6 34. c4 Nf5 35. Rd2 Nd4 36. Nd5 Re2 37. Rxe2 Nxe2 38. Kf3 Nc1 39. Nc3 a4 40. bxa4 Nd3 41. Ke4 Nxf2+ 42. Kd5 Nh1 43. Ne4 Ke7 44. Kc6 Kd8 45. a5 bxa5 46. Kxc5 Kd7 47. Kd5 a4 48. a3 g6 49. Ke5 Ke7 50. Kf4 Ke6 51. Kf3 Ke5 52. Nc3 Kd4 53. Nxa4 Kxc4 54. Nb2+ Kb3 55. a4 Kb4 56. Kg2 c5 57. Kxh1 Kb3 58. a5 Kxb2 59. a6 c4 60. a7 c3 61. a8=Q c2 62. Qb7+ Kc3 63. Qc6+ Kd2 64. Qd5+ Ke2 65. Qe4+ Kd2 66. Qd4+ Ke2 67. Qc3 1-0

[Event "45th Olympiad 2024"]
[Site "Budapest HUN"]
[Date "2024.09.16"]
[Round "6.11"]
[Board "3"]
[White "Heimisson, Hilmir Freyr"]
[Black "Maurizzi, Marc'Andria"]
[Result "0-1"]
[WhiteElo "2391"]
[BlackElo "2595"]
[PlyCount "86"]
[EventDate "2024.09.11"]
[WhiteTeam "Iceland"]
[BlackTeam "France"]
[WhiteTeamCountry "ISL"]
[BlackTeamCountry "FRA"]

1. d4 Nf6 2. c4 b6 3. Nc3 Bb7 4. Qc2 Nc6 5. Nf3 Nb4 6. Qb1 Bxf3 7. gxf3 g6 8. f4 e6 $146 ({RR} 8... Bg7 9. Bg2 Rb8 10. a3 Nc6 11. Qd3 O-O 12. e4 e6 13. Be3 Nh5 14. Bf3 Qh4 15. Ne2 a6 16. Rg1 b5 17. c5 b4 18. Rg5 bxa3 19. bxa3 Nxd4 20. Nxd4 Nxf4 21. Bxf4 Qxf4 22. Rg3 Qe5 23. Rd1 {0-1 Yuffa,D (2617)-Erigaisi,A (2762) 7th Sharjah Masters 2024 (6.4)}) ({RR} 8... Bg7 9. Bg2 Rb8 10. O-O O-O 11. Rd1 e6 12. e4 Nh5 13. Be3 Qh4 14. Ne2 Nc6 15. Qc1 f5 16. e5 Ne7 17. Bf3 Kh8 18. Kh1 d6 19. Ng3 Rbd8 20. Rg1 Bh6 21. Nxh5 gxh5 22. d5 dxe5 23. fxe5 {1-0 Istratescu,A (2374)-Stanciu,A (2354) Cluj GP Rapid 2024 (10.12)}) 9. Bg2 c6 10. a3 Na6 11. e4 Nh5 12. Be3 Bh6 13. Qc1 Qh4 14. Ne2 O-O 15. Qd2 c5 16. d5 exd5 17. cxd5 d6 18. O-O-O c4 19. Bf3 Nc5 20. Kb1 Rae8 21. Ng3 Nxf4 22. Rhg1 Kh8 23. Qc3+ f6 24. Qxc4 Nh3 25. Bxh6 Qxh6 26. Rgf1 Ng5 27. Bg2 Qxh2 28. Rg1 Qh4 29. Rd4 Qf4 30. Qc2 Rc8 31. Rc4 b5 32. Rc3 Rce8 33. Re3 a5 34. Rf1 b4 35. Ne2 Qg4 36. Rg1 Qh4 37. Ng3 Qf4 38. Rge1 Rb8 39. Ka1 Rfc8 40. Qe2 bxa3 41. Rxa3 Nb3+ 42. Kb1 Nd2+ 43. Ka1 Rxb2 0-1

[Event "45th Olympiad 2024"]
[Site "Budapest HUN"]
[Date "2024.09.16"]
[Round "6.11"]
[Board "4"]
[White "Lagarde, Maxime"]
[Black "Gretarsson, Helgi Ass"]
[Result "1-0"]
[WhiteElo "2598"]
[BlackElo "2450"]
[PlyCount "75"]
[EventDate "2024.09.11"]
[WhiteTeam "France"]
[BlackTeam "Iceland"]
[WhiteTeamCountry "FRA"]
[BlackTeamCountry "ISL"]

1. e4 e5 2. Nf3 Nc6 3. Bb5 a6 4. Ba4 Nf6 5. O-O Be7 6. d3 b5 7. Bb3 d6 8. Bd2 O-O 9. Re1 h6 10. h3 Re8 11. a4 Rb8 12. axb5 axb5 13. Nc3 Bf8 14. Qb1 Be6 15. Bxe6 $146 ({RR} 15. Nd5 Nh7 16. Ra6 Qd7 17. Qa2 Rb7 18. Ra1 Kh8 19. Ne3 Nd8 20. Ra8 Nf6 21. Bxe6 fxe6 22. Qa6 c5 23. c4 b4 24. Ng4 Nxg4 25. hxg4 Rc7 26. g5 Kh7 27. Qb6 Qf7 28. gxh6 gxh6 29. R1a7 Rxa7 {½-½ Juhasz,B (2203)-To,N (2321) Budapest 1 Week Aug IMB 2024 (3.4)}) 15... Rxe6 16. Nd5 Re8 17. c4 Be7 18. Ra6 Qd7 19. Rc1 Rb7 20. Qa2 bxc4 21. Rxc4 Nb8 22. Ra8 c6 23. Ne3 Bd8 24. Rca4 d5 25. Nf5 Bb6 26. Qa3 c5 27. Bc3 d4 28. Ba5 Ba7 29. Bd8 Qxd8 30. R4xa7 Rxa7 31. Qxa7 Nfd7 32. Nd6 Re6 33. Nc4 Kh7 34. Qb7 f6 35. Nh4 Re8 36. Nf5 Rg8 37. Ncd6 Nb6 38. Nf7 1-0

[Event "45th Olympiad 2024"]
[Site "Budapest HUN"]
[Date "2024.09.16"]
[Round "6.12"]
[Board "1"]
[White "Volokitin, Andrei"]
[Black "Kadric, Denis"]
[Result "1/2-1/2"]
[WhiteElo "2660"]
[BlackElo "2553"]
[PlyCount "121"]
[EventDate "2024.09.11"]
[WhiteTeam "Ukraine"]
[BlackTeam "Montenegro"]
[WhiteTeamCountry "UKR"]
[BlackTeamCountry "MNE"]

1. e4 e5 2. Nf3 Nf6 3. Nxe5 d6 4. Nf3 Nxe4 5. d4 d5 6. Bd3 Nc6 7. O-O Be7 8. Nbd2 Bf5 9. Re1 Nxd2 10. Qxd2 Bxd3 11. Qxd3 O-O 12. c3 Qd7 13. Bf4 a6 14. Re2 ({RR} 14. Re3 Rae8 15. Rae1 Bd8 16. h4 Rxe3 17. Qxe3 Qf5 18. g3 Nb8 19. Qe5 Qxe5 20. Rxe5 f6 21. Rxd5 c6 22. Rd6 Kf7 23. d5 Bc7 24. dxc6 Bxd6 25. Bxd6 Re8 26. cxb7 Ke6 27. Bf4 Kd5 28. Nd4 g6 {1-0 Caruana,F (2796)-Kuzubov,Y (2606) CrunchLabs Masters PlayIn 2024 (3)}) 14... Rae8 15. Rae1 Bd8 16. h4 f6 $146 ({RR} 16... Rxe2 17. Qxe2 Qf5 18. Bg3 f6 19. Nd2 Rf7 20. Nf1 Qd7 21. Ne3 Ne7 22. Qf3 c6 23. h5 Bc7 24. h6 Bxg3 25. Qxg3 f5 26. hxg7 Ng6 27. Nc2 f4 28. Qg5 Kxg7 29. Nb4 h6 30. Qh5 Re7 31. Rxe7+ {½-½ Ragger,M (2668)-Laurusas,T (2553) EU-chT 23rd Terme Catez 2021 (5.1)}) ({RR} 16... h6 17. g3 Rxe2 18. Qxe2 Qf5 19. Kg2 Nb8 20. Qe5 Qxe5 21. Rxe5 g5 22. hxg5 hxg5 23. Bd2 c6 24. Re2 {½-½ Kulaots,K (2526)-Kuzubov,Y (2618) 32nd Keres Mem Rapid 2023 (11.1)}) ({RR} 16... Rxe2 17. Rxe2 h6 18. Qe3 Qf5 19. Bg3 f6 20. Ne1 b6 21. b4 g5 22. a4 Kg7 23. Kf1 Na7 24. Qd2 Nc8 25. Qd3 Qxd3 26. Nxd3 Kf7 27. Ra2 gxh4 28. Bxh4 Nd6 29. a5 bxa5 30. Rxa5 Nb5 31. Rxa6 {½-½ Anton Guijarro,D (2668)-Laurusas,T (2566) 24th European Teams 2023 (1.7)}) 17. Nd2 Rxe2 18. Qxe2 a5 19. Nb3 b6 20. Na1 Ne7 21. Nc2 Re8 22. h5 Kf7 23. g4 g5 24. Bg3 f5 25. Qd3 Kg8 26. gxf5 Rf8 27. Ne3 Nxf5 28. Nxf5 Rxf5 29. Qe2 Kf8 30. Qg4 Rf7 31. Re6 Qb5 32. Re3 Qd7 33. Re6 Qb5 34. b3 a4 35. Re3 axb3 36. axb3 Qd7 37. Re6 Qb5 38. Re5 Qd7 39. Qe2 Rf5 40. Re3 Rf7 41. Kg2 Be7 42. Qa6 Kg7 43. Qe2 Kf8 44. Re6 Rf6 45. Re5 Rf7 46. Qa6 Kg7 47. Qe2 Kf8 48. Qa6 Bf6 49. Qa8+ Kg7 50. Rxd5 Qg4 51. Qc6 Qxh5 52. Rd7 Qe2 53. Rxf7+ Kxf7 54. Qxc7+ Kg6 55. Qxb6 Qe4+ 56. Kh2 h5 57. Qa6 Qc2 58. Kg2 Qe4+ 59. Kh2 Qc2 60. Kg1 Qb1+ 61. Kh2 1/2-1/2

[Event "45th Olympiad 2024"]
[Site "Budapest HUN"]
[Date "2024.09.16"]
[Round "6.12"]
[Board "2"]
[White "Petrov, Nikita"]
[Black "Ivanchuk, Vasyl"]
[Result "1/2-1/2"]
[WhiteElo "2574"]
[BlackElo "2635"]
[PlyCount "97"]
[EventDate "2024.09.11"]
[WhiteTeam "Montenegro"]
[BlackTeam "Ukraine"]
[WhiteTeamCountry "MNE"]
[BlackTeamCountry "UKR"]

1. d4 Nf6 2. c4 e6 3. Nc3 Bb4 4. Qc2 O-O 5. e4 d6 6. e5 dxe5 7. dxe5 Ng4 8. Nf3 Nc6 9. Bf4 f6 ({RR} 9... Nd4 10. Qd2 c5 11. h3 Nxf3+ 12. gxf3 Qxd2+ 13. Kxd2 Rd8+ 14. Kc2 Rd4 15. hxg4 Rxf4 16. Rd1 Ba5 17. Rh3 h6 18. b3 Rd4 19. Rxd4 cxd4 20. Nb5 Bb6 21. Bd3 Bd7 22. Nd6 Bc6 23. Be4 Rd8 24. Kd3 {½-½ So,W (2760)-Praggnanandhaa,R (2678) Meltwater Tour Final 2022 (4.4)}) ({RR} 9... Nd4 10. Nxd4 Qxd4 11. Bg3 Nxe5 12. Rd1 Bxc3+ 13. Qxc3 Qxc3+ 14. bxc3 Nc6 15. Bxc7 b6 16. c5 bxc5 17. Bd6 Rd8 18. Bxc5 Rxd1+ 19. Kxd1 Bb7 20. Be2 Ne5 21. f3 Rc8 22. Bxa7 Ra8 23. Bd4 Rxa2 24. Rf1 {0-1 Korol,D (2287)-Kvaloy,A (2450) Titled Tue 30th Apr Early 2024 (2)}) 10. Bd3 Bxc3+ 11. bxc3 h6 12. exf6 $146 ({RR} 12. Rd1 Qe7 13. O-O Ngxe5 14. Nxe5 Nxe5 15. Bxe5 fxe5 16. Qe2 Qf6 17. Qe4 Qf5 18. Qe2 Qf6 19. Qe4 Qf5 20. Qe2 Qf6 {½-½ Ushenina,A (2439)-Ponomariov,R (2640) ESP-chT CECLUB Div1 2022 (5.1)}) 12... Qxf6 13. Bxc7 Nb4 14. Qd2 Nxd3+ 15. Qxd3 Qf5 16. Qxf5 Rxf5 17. Bd6 Nf6 18. O-O Ne4 19. Rfd1 b6 20. Be5 Ba6 21. Rd7 Rf7 22. Rxf7 Kxf7 23. Bd4 Rc8 24. a4 Bxc4 25. a5 bxa5 26. Rxa5 a6 27. Ne5+ Kg8 28. f3 Nd6 29. Nxc4 Nxc4 30. Rxa6 e5 31. Bf2 Rb8 32. Ra1 Rb2 33. Re1 Rc2 34. Bg3 Rxc3 35. Bxe5 Nxe5 36. Rxe5 Kf7 37. h4 Rc2 38. Kh2 Ra2 39. Kh3 Rf2 40. Re3 h5 41. Re5 g6 42. Rg5 Kf6 43. Kg3 Ra2 44. f4 Ra3+ 45. Kh2 Ra4 46. g3 Ra2+ 47. Kg1 Ra1+ 48. Kg2 Ra2+ 49. Kh3 1/2-1/2

[Event "45th Olympiad 2024"]
[Site "Budapest HUN"]
[Date "2024.09.16"]
[Round "6.12"]
[Board "3"]
[White "Ponomariov, Ruslan"]
[Black "Djukic, Nikola"]
[Result "1-0"]
[WhiteElo "2654"]
[BlackElo "2515"]
[PlyCount "77"]
[EventDate "2024.09.11"]
[WhiteTeam "Ukraine"]
[BlackTeam "Montenegro"]
[WhiteTeamCountry "UKR"]
[BlackTeamCountry "MNE"]

1. e4 c5 2. Nf3 d6 3. d4 cxd4 4. Nxd4 Nf6 5. Nc3 Nc6 6. Bg5 e6 7. Qd2 a6 8. O-O-O Bd7 9. Kb1 Nxd4 10. Qxd4 Be7 11. f3 Qc7 12. Qd2 b5 13. h4 b4 14. Ne2 a5 15. c4 bxc3 16. Nxc3 Qb7 17. a4 $146 ({RR} 17. g4 a4 18. a3 Rb8 19. Rh2 Bc6 20. Bc4 O-O 21. Ba2 Rfd8 22. Ne2 Bxe4+ 23. fxe4 Nxe4 24. Qb4 Qxb4 25. axb4 Nxg5 26. hxg5 Bxg5 27. Nd4 Rb6 28. Bxe6 fxe6 29. Nxe6 Rxb4 30. Nxg5 Rxg4 31. Nxh7 d5 {1-0 Siddharth,J (2525)-Wafa,H (2396) 61st World Juniors 2024 (11.13)}) 17... h6 18. Be3 Rc8 19. Nb5 O-O 20. Bd3 e5 21. g4 Be6 22. g5 Nh5 23. gxh6 g6 24. Rc1 d5 25. Qxa5 dxe4 26. fxe4 Bc4 27. Bc2 Bc5 28. Rh3 Bxe3 29. Rxe3 Rc6 30. Na3 Qe7 31. Nxc4 Rxc4 32. Bb3 Rxc1+ 33. Kxc1 Qxh4 34. Qxe5 Qf2 35. Rc3 Qf1+ 36. Kc2 Kh7 37. Qe7 Kg8 38. h7+ Kg7 39. Qxf8+ 1-0

[Event "45th Olympiad 2024"]
[Site "Budapest HUN"]
[Date "2024.09.16"]
[Round "6.12"]
[Board "4"]
[White "Draskovic, Luka"]
[Black "Onyshchuk, Volodymyr"]
[Result "1/2-1/2"]
[WhiteElo "2497"]
[BlackElo "2610"]
[PlyCount "65"]
[EventDate "2024.09.11"]
[WhiteTeam "Montenegro"]
[BlackTeam "Ukraine"]
[WhiteTeamCountry "MNE"]
[BlackTeamCountry "UKR"]

1. e4 c6 2. Nf3 d5 3. d3 dxe4 4. dxe4 Qxd1+ 5. Kxd1 Nd7 6. Nbd2 e5 7. Ne1 f6 8. Nd3 Nc5 9. f3 ({RR} 9. a4 a5 10. Ke1 Be6 11. f3 h5 12. Nxc5 Bxc5 13. Bc4 Kf7 14. Bxe6+ Kxe6 15. Nb3 Bb6 16. c4 h4 17. c5 Bc7 18. Be3 f5 19. exf5+ Kxf5 20. Nd2 Nf6 21. Ke2 Rhe8 22. Rad1 Rad8 23. Rhf1 e4 {½-½ Van Foreest,M (2272)-Smid,J (2080) Dutch Open 2024 (1.11)}) 9... h5 $146 ({RR} 9... Be6 10. Nxc5 Bxc5 11. Bc4 Kf7 12. Ke2 Ne7 13. a4 a5 14. Bxe6+ Kxe6 15. Rd1 Rhd8 16. Nb3 Bb6 17. Rd3 Rxd3 18. cxd3 Bd4 19. Be3 Bxe3 20. Kxe3 b6 21. d4 Rd8 22. Rc1 g5 23. dxe5 fxe5 24. Nd2 {1-0 Szpar,M (2431)-Micottis,D (2263) Paris-ch IdF 2022 (4)}) 10. h4 Nh6 11. a4 Be6 12. Nxc5 Bxc5 13. Bc4 Ke7 14. Ke2 g6 15. Bxe6 Kxe6 16. Nb3 Be7 17. Be3 f5 18. Nd2 Nf7 19. Rad1 Rag8 20. g3 a6 21. Bb6 Nd6 22. Be3 fxe4 23. Nxe4 Nxe4 24. fxe4 g5 25. hxg5 Bxg5 26. Bxg5 Rxg5 27. Rd3 Rg4 28. Re3 b5 29. axb5 axb5 30. b4 h4 31. Rxh4 Rhxh4 32. gxh4 Rxh4 33. Kd3 1/2-1/2